Match the North American Countries with their Capital and Flag - Statistics

General Stats
  • This quiz has been taken 78 times
  • The average score is 34 of 46
Answer Stats
Hint Answer % Correct
Flag of the United States
97%
Capital of the United States Washington D.C.
93%
Flag of Canada
86%
Flag of Haiti
86%
Flag of Mexico
86%
Capital of Canada Ottawa
86%
Capital of Cuba Havana
83%
Flag of Panama
83%
Capital of Mexico Mexico City
83%
Capital of Panama Panama City
83%
Capital of Haiti Port-au-Prince
83%
Capital of Costa Rica San José
83%
Capital of Guatemala Guatemala City
79%
Flag of Barbados
79%
Flag of Cuba
79%
Flag of Jamaica
79%
Capital of El Salvador San Salvador
79%
Capital of Belize Belmopan
76%
Flag of Antigua and Barbuda
76%
Flag of the Bahamas
76%
Flag of Costa Rica
76%
Flag of the Dominican Republic
76%
Capital of Nicaragua Managua
76%
Capital of Honduras Tegucigalpa
76%
Flag of Dominica
72%
Flag of Grenada
72%
Flag of Guatemala
72%
Flag of Saint Lucia
72%
Flag of Nicaragua
72%
Flag of Saint Vincent and the Grenadines
72%
Capital of the Bahamas Nassau
72%
Capital of the Dominican Republic Santo Domingo
72%
Flag of Belize
69%
Flag of Honduras
69%
Capital of Jamaica Kingston
69%
Capital of Trinidad and Tobago Port of Spain
69%
Capital of Dominica Roseau
69%
Capital of Barbados Bridgetown
66%
Flag of El Salvador
66%
Flag of Trinidad and Tobago
66%
Capital of Saint-Kitts-et-Nevis Basseterre
55%
Capital of Saint Lucia Castries
55%
Flag of Saint-Kitts-et-Nevis
55%
Capital of Grenada Saint George's
55%
Capital of Saint Vincent and the Grenadines Kingstown
52%
Capital of Antigua and Barbuda Saint John's
52%
No matching quizzes found
Score Distribution
Percent of People with Each Score
Percentile by Number Answered
Your Score History
You have not taken this quiz